000 00627nam a2200181Ia 4500
008 090124s9999 xx 000 0 und d
082 _b107307
100 _aकुलकर्णी जी.ए.(गुरुनाथ आबाजी )
245 _a निळासावळा
250 _a1
260 _c1959
300 _a143
600 _aकुलकर्णी जी.ए.(गुरुनाथ आबाजी )
630 _a निळासावळा
700 _aकुलकर्णी जी.ए.(गुरुनाथ आबाजी )
730 _a निळासावळा
942 _cBOOK
999 _c153398
_d153398